000
00309nam a2200121Ia 4500
008
190216s9999||||xx |||||||||||||| ||und||
100
_a
Vaish M C
245
0
_a
Money Banking And International Trade
260
_b
New Age International Publishers
_c
1996
300
_a
661
650
_a
Economics
942
_c
BK
999
_c
10385
_d
10385